000 00750nam a22002057a 4500
999 _c159371
_d159371
005 20181215124738.0
010 _aENG-124540
020 _c425.00
_a9789352807987
035 _a EN-108072
037 _bDBAD/PUB.
082 _a650.1019
100 _aGokhale Joshi, Manjiri
245 _aThe business of managing emotions:
_cby Manjiri Gokhale Joshi [and] Manjeet Singh
_ba three-dimensional approach /
260 _aNew Delhi
_bSage Publications India Pvt. Ltd.
_c2018
270 _aB1/I-1, Mohan Cooperative Industrial Area Mathura Road Post Bag 7
_bNew Delhi
_e110044
300 _axx,229p.
_c21cm.(pbk)
_bill.picture
500 _aIt includes about the author
700 _aManjeet Singh
942 _2ddc
_cEN
_mGOK
_h650.1019